000 00767cab a2200253 4500
001 ABS52363
008 090401t1995 xxu||||| |||| 00| 0 eng d
035 _a(Sirsi) u74786
041 _aeng
100 _aAllinson, K.
245 4 _aThe value of time
260 _c1995
350 _a0
490 _aArchitects` Journal
_v201(5) 2 February 1995, 41-42(2)
520 _aDiscusses how architectural practices have used the "Standard Form of Agreement" (SFA) to calculate fees.
650 _aARCHITECTS' FEES
650 _aFEE CALCULATION
650 _aPROFESSIONAL CHARGES
650 _aPROFESSIONAL FEES
650 _aSTANDARD FORM OF AGREEMENT
690 _aMANAGEMENT-BUSINESS MANAGEMENT-PROFESSIONAL PRACTICE
942 _n0
948 _c04/03/1997
999 _c47121
_d47121